00302nam a2200121Ia 4500008004000000082001500040100001900055245003000074250000500104260004000109300000800149650002300157210210b1970 xxu||||| |||| 00| 0 eng d a541.3 RAKP aRAKSHIT (P C). aPhysical chemistry. Ed 2. a aCalcuttabScience Book Agencyc1970 a763 aPhysical Chemistry